[Event "Bulan Sogotu Yurtaev Memorial"]
[Site "Bulan Sogotu"]
[Date "2024.06.15"]
[Round "3"]
[White "Khaitov, Akmal"]
[Black "Koldasbayev, Albert"]
[Result "1/2-1/2"]
[WhiteElo "1679"]
[BlackElo "1775"]
[PlyCount "89"]
[EventDate "2024.06.13"]
[EventType "swiss"]
[EventRounds "9"]
[EventCountry "KGZ"]
[SourceTitle "EXT 2025"]
[Source "ChessBase"]
[SourceDate "2024.10.14"]
[SourceVersion "1"]
[SourceVersionDate "2024.10.14"]
[SourceQuality "1"]

1. d4 Nf6 2. c4 e6 3. a3 b6 4. Nc3 Bb7 5. Bg5 Be7 6. e3 d5 7. Nf3 Nbd7 8. b4 0-0 9. c5 a5 10. Be2 Ne4 11. Nxe4 dxe4 12. Bxe7 Qxe7 13. Nd2 e5 14. 0-0 exd4 15. exd4 e3 16. Nc4 exf2+ 17. Rxf2 Bd5 18. Rc1 axb4 19. axb4 Ra2 20. Rc2 Ra4 21. Qd2 Rfa8 22. Rf1 Re8 23. Rb2 Qe6 24. Rc1 Nf6 25. Ne5 Ra3 26. Qf4 Rea8 27. h3 Bxg2 28. Kxg2 Qxh3+ 29. Kf2 Rg3 30. Ke1 Rd8 31. Bf1 Re3+ 32. Re2 Rxe2+ 33. Kxe2 Qb3 34. cxb6 cxb6 35. Nd3 Re8+ 36. Kf2 h6 37. Re1 Qc2+ 38. Re2 Rxe2+ 39. Bxe2 Nd5 40. Qc1 Qxc1 41. Nxc1 Nxb4 42. Bc4 Nc6 43. Ne2 Kf8 44. Ke3 Ke7 45. Kf3 1/2-1/2

[Event "Tashkent Hokim Cup"]
[Site "Tashkent"]
[Date "2009.07.17"]
[Round "1"]
[White "Khaitov, Akmal"]
[Black "Iuldachev, Saidali"]
[Result "0-1"]
[WhiteElo "1899"]
[BlackElo "2518"]
[PlyCount "70"]
[EventDate "2009.07.17"]
[EventType "swiss"]
[EventRounds "9"]
[EventCountry "UZB"]
[SourceTitle "CBM 131 Extra"]
[Source "ChessBase"]
[SourceDate "2009.09.03"]
[SourceVersion "2"]
[SourceVersionDate "2009.09.16"]
[SourceQuality "1"]

1. d4 Nf6 2. Nf3 d6 3. e3 Nbd7 4. Be2 e5 5. b3 e4 6. Nfd2 c6 7. c4 d5 8. a3 Bd6 9. Nc3 a6 10. c5 Bc7 11. Qc2 0-0 12. 0-0 Re8 13. Re1 Nf8 14. Nf1 Ng6 15. f3 exf3 16. Bxf3 Nh4 17. Qf2 Ne4 18. Bxe4 dxe4 19. Nd2 f5 20. g3 Ng6 21. Bb2 h5 22. Ne2 h4 23. Nf4 Qg5 24. Qg2 hxg3 25. hxg3 Be6 26. b4 Bf7 27. Bc3 Qg4 28. Kf2 Ne7 29. Rh1 Bxf4 30. gxf4 Qxg2+ 31. Kxg2 Nd5 32. Rac1 Nxe3+ 33. Kg3 Re6 34. Rh4 Rg6+ 35. Kf2 Ng2 0-1